00430nam a22001457a 4500020001800000040000900018082001700027100003100044245002600075260003000101650001600131942001200147999001900159952010600178 a9780764145063 cNUST a745.6197 KES aKespersaks, Veiko9111321 aCalligraphy In 24 Hrs aLondon:bBarron,s,c2011. aCalligraphy 2ddccBK c594217d594217 00102ddc4070aCEMEbCEMEcGENd2023-03-24l0o745.6197 KESpCEME-50434r2023-03-24w2023-03-24yBK